000
00255nam a2200109Ia 4500
008
180205s9999 xx 000 0 und d
020
_a
425147584
100
_a
Clancy, Tom
245
_a
Debt of honor /
260
_a
USA :
_b
USA
_c
1995
300
_a
990 pages
999
_c
354960
_d
354960